000
00285nam a22001217a 4500
082
_a
823
_b
BLY/F
100
_a
BLYTON, ENID
245
_a
FAMOUS FIVE - 5 RUN AWAY TOGETHER
260
_a
CANADA
_b
GREENKNIGHT
_c
1969
300
_a
190
650
_a
ENGLISH STORY
_z
UNITED STATES
942
_c
BK
999
_c
7251
_d
7251